Handbook of fruit and vegetable flavors /

"Acting as chemical messengers for olfactory cells, food flavor materials are organic compounds that give off a strong, typically pleasant smells. Handbook of Fruit and Vegetable Flavors explores the flavor science and technology of fruits and vegetables, spices, and oils by first introducing s...

Full description

Bibliographic Details
Other Authors: Hui, Y. H. (Yiu H.)
Format: Book
Language:English
Published: Hoboken, N.J. : Wiley, [2010]
Subjects:

MARC

Tag First Indicator Second Indicator Subfields
LEADER 00000cam a2200000 a 4500
001 in00004512721
005 20191204153738.0
008 100423s2010 njua bf 001 0 eng
010 |a  2010016633 
015 |a GBB045867  |2 bnb 
016 7 |a 015522040  |2 Uk 
020 |a 9780470227213 (hardback) 
020 |a 0470227214 (hardback) 
029 1 |a CDX  |b 11585298 
029 1 |a AU@  |b 000045562130 
035 |a (OCoLC)ocn496961948 
035 |a (OCoLC)496961948 
035 |z (UtOrBLW)51844 
035 |a 72687 
040 |a DLC  |c DLC  |d BTCTA  |d YDXCP  |d C#P  |d CDX  |d BWX  |d UKM  |d TMV  |d UtOrBLW 
042 |a pcc 
049 |a TMVM  |c 1 
050 0 0 |a TP440  |b .H357 2010 
060 4 |a TP 440  |b H236 2010 
082 0 0 |a 664/.5  |2 22 
245 0 0 |a Handbook of fruit and vegetable flavors /  |c edited by Y.H. Hui ; associate editors, Raquel P.F. Guiné [and others]. 
264 1 |a Hoboken, N.J. :  |b Wiley,  |c [2010] 
264 4 |c ©2010 
300 |a xx, 1095 pages :  |b illustrations ;  |c 26 cm. 
336 |a text  |2 rdacontent  |b txt 
337 |a unmediated  |2 rdamedia 
338 |a volume  |2 rdacarrier  |b nc 
520 |a "Acting as chemical messengers for olfactory cells, food flavor materials are organic compounds that give off a strong, typically pleasant smells. Handbook of Fruit and Vegetable Flavors explores the flavor science and technology of fruits and vegetables, spices, and oils by first introducing specific flavors and their commercialization, then detailing the technical aspects, including biology, biotechnology, chemistry, physiochemistry, processing, analysis, extraction, commodities, and requirements for application as food additives. With chapter authors representing more than ten different countries, this handy reference provides a comprehensive view of this evolving science."--  |c Provided by publisher. 
520 |a "This book provides a comprehensive reference on the flavor science and technology of fruits and vegetables, spices, and oils. Beginning with an introduction on the specific flavors and their commercialization, the book then details the technical aspects including biology, biotechnology, chemistry, physiochemistry, processing, analysis, extraction, commodities, and requirements for application as food additives. Regulatory considerations are discussed in relation to sanitation and safety in a flavor manufacturing establishment."--  |c Provided by publisher. 
504 |a Includes bibliographical references and index. 
650 0 |a Fruit  |x Flavor and odor  |v Handbooks, manuals, etc. 
650 0 |a Vegetables  |x Flavor and odor  |v Handbooks, manuals, etc. 
650 0 |a Oils and fats  |x Flavor and odor  |v Handbooks, manuals, etc. 
650 0 |a Food  |x Sensory evaluation  |v Handbooks, manuals, etc. 
650 2 |a Food Technology. 
650 2 |a Fruit. 
650 2 |a Vegetables. 
700 1 |a Hui, Y. H.  |q (Yiu H.) 
999 |a MARS 
999 f f |s 045dcbad-d656-3322-a110-c0acd37aec6d  |i 1c2e392c-4010-3e7a-a448-fafec2b576c7  |t 0 
952 f f |p ric  |a Texas A&M University  |b Rellis Campus  |c Joint Library Facility  |d Remote Storage  |t 0  |e TP 440 H236 2010  |h National Library of Medicine classification  |i unmediated -- volume  |m 3238902125574 
998 f f |a TP 440 H236 2010  |t 0  |l Remote Storage